| 000 | 00916nam a22002175i 4500 | ||
|---|---|---|---|
| 001 | 156343 | ||
| 003 | ES-MaACL | ||
| 005 | 20250828063258.0 | ||
| 008 | 990407s1870 sp |||| | spa d | ||
| 080 | _a599 | ||
| 100 | 1 |
_aJiménez de la Espada, Marcos, _d1831-1898 _9222553 |
|
| 245 | 1 | 0 |
_aAlgunos datos nuevos o curiosos acerca de la fauna del alto Amazonas : _b(mamíferos) / _cpor M. Jiménez de la Espada. |
| 260 |
_aMadrid : _b[s.n.], _c1870 ( _fEstab. Tip. de Tomás Rey) |
||
| 300 |
_a27 p. ; _c25 cm. |
||
| 530 | _aDisponible en formato digital. | ||
| 595 | _aEn port.: Publicado en el Boletín Revista de la Universidad de Madrid. | ||
| 650 | 4 |
_aMamíferos- _zAmazonía. _9138935 |
|
| 852 | 4 |
_aES-MaACL _jT-104-F-10 _z- Enc. hol. _z- Enc. en un vol. facticio |
|
| 856 | 4 |
_uhttp://bdh-rd.bne.es/viewer.vm?id=0000101576&page=1 _zBiblioteca Digital Hispánica |
|
| 999 |
_c156343 _d156343 |
||